00000000nam 2200000zi 4500
0019.947837
003CaOODSP
00520250729091359
006m     o  d f      
007cr mn|||||||||
008250207t20252025oncab   ob   f000 0 fre d
020 |a9780660756424
040 |aCaOODSP|bfre|erda|cCaOODSP
043 |an-cn-bc
0861 |aEn3-4/216-2025F-PDF
24500|aProgramme de rétablissement modifié de la chouette tachetée de la sous-espèce caurina (Strix occidentalis caurina) au Canada.
24617|aProgramme de rétablissement modifié de la chouette tachetée de la sous-espèce caurina
264 1|aOttawa : |bGouvernement du Canada = Government of Canada, |c2025.
264 4|c©2025
300 |a1 ressource en ligne (xi, 61 pages) : |billustration en couleur, cartes en couleur.
336 |atexte|btxt|2rdacontent/fre
337 |ainformatique|bc|2rdamedia/fre
338 |aressource en ligne|bcr|2rdacarrier/fre
4901 |aLoi sur les espèces en péril, série de programmes de rétablissement
500 |aPublié aussi en anglais sous le titre : Amended recovery strategy for the spotted owl caurina subspecies (Strix occidentalis caurina) in Canada.
500 |aTitre de la couverture.
504 |aComprend des références bibliographiques (pages 50-60).
650 6|aChouette tachetée du Nord|xConservation|zColombie-Britannique.
650 6|aFaune|xRétablissement|zColombie-Britannique.
7101 |aCanada. |bEnvironnement et changement climatique Canada, |eorganisme de publication.
77508|tAmended recovery strategy for the spotted owl caurina subspecies (Strix occidentalis caurina) in Canada.|w(CaOODSP)9.947832
795 |tProgramme de rétablissement de la Chouette tachetée du Nord (Strix occidentalis caurina) en Colombie-Britannique |w(CaOODSP)9.806462
830#0|aLoi sur les espèces en péril, série de programmes de rétablissement.|w(CaOODSP)9.501470
85640|qPDF|s2.35 Mo|uhttps://publications.gc.ca/collections/collection_2025/eccc/En3-4-216-2025-fra.pdf
8564 |qHTML|sS.O.|uhttps://www.canada.ca/fr/environnement-changement-climatique/services/registre-public-especes-peril/programmes-retablissement/chouette-tachetee-modifie-2025.html